000 01693nam a2200373 a 4500
001 ebr10678015
003 CaPaEBR
006 m u
007 cr cn|||||||||
008 090827s2010 nyua sb 001 0 eng d
010 _z 2009035597
020 _z1607415240
020 _z9781607415244
020 _z9781614704867 (e-book)
040 _aCaPaEBR
_cCaPaEBR
035 _a(OCoLC)757394141
043 _an-us---
050 1 4 _aHV6446
_b.O743 2010eb
082 0 4 _a364.1060973
_222
245 0 0 _aOrganized crime in the U.S.
_h[electronic resource] /
_cWesley B. Knowles, editor.
260 _aNew York :
_bNova Science Publishers,
_c2010.
300 _axi, 105 p. :
_bill.
490 1 _aCriminal justice, law enforcement and corrections series
504 _aIncludes bibliographical references and index.
505 0 _aOrganized crime in the United States : trends and issues for Congress -- Impact on U.S. of Asian transnational crime -- African organized crime -- Asian organized crime -- Balkan organized crime -- Eurasian organized crime -- Italian organized crime -- Middle Eastern organized crime.
533 _aElectronic reproduction.
_bPalo Alto, Calif. :
_cebrary,
_d2013.
_nAvailable via World Wide Web.
_nAccess may be limited to ebrary affiliated libraries.
650 0 _aOrganized crime
_zUnited States.
650 0 _aAlien criminals
_zUnited States.
655 7 _aElectronic books.
_2local
700 1 _aKnowles, Wesley B.
710 2 _aebrary, Inc.
830 0 _aCriminal justice, law enforcement and corrections.
856 4 0 _uhttp://site.ebrary.com/lib/rucke/Doc?id=10678015
_zAn electronic book accessible through the World Wide Web; click to view
999 _c59411
_d59411